Coulson and Richardson's Chemical Engineering : Particle Technology and Separation Processes /

Contenido: Sólidos granulados; Reducción y alargamiento del tamaño de la partícula; Movimiento de partículas en un fluido; Flujo de fluidos a través de camas de partículas y columnas de platos; Sedimentación; Fluidización; Filtración de líquidos; Procesos de separación por membrana; Separaciones cen...

Descrizione completa

Salvato in:
Dettagli Bibliografici
Autore principale: Coulson, J.M (autor)
Altri autori: Richardson, J.F. (edición) (edición), Harker, J.H. (edición) (edición), Backhurst, J.R. (edición) (edición)
Natura: Libro
Lingua:inglese
Pubblicazione: Oxford, Inglaterra : Butterworth-Heinemann, 2002, c2002
Edizione:5a edición
Serie:(McGraw-Hill Chemical Engineering Series)
Soggetti:
Tags: Aggiungi Tag
Nessun Tag, puoi essere il primo ad aggiungerne!!

MARC

LEADER 00000nam^a2200000^a^4500
001 000165399
005 20250521000000.0
009 20260310101018.24
020 |a 0-7506-4445-1 
037 |a Acervo ITESO - Biblioteca 
041 |a ING 
082 |a 660.  |b COU V. 2 
100 |a Coulson, J.M.  |e (autor) 
240 1 1 |a [Coulson and Richardson's Chemical Engineering] 
245 1 0 |a Coulson and Richardson's Chemical Engineering :  |b Particle Technology and Separation Processes /  |c J.M. Coulson ; ed. de J.F. Richardson, J.H. Harker, J.R. Backhurst. 
250 |a 5a edición 
264 4 |a Oxford, Inglaterra :  |b Butterworth-Heinemann,  |c 2002, c2002 
300 |a XXXIII, 1229 p. 
336 |a texto  |b txt  |2 rdacontenido 
337 |a sin mediación  |b n  |2 rdamedio 
338 |a volumen  |b nc  |2 rdasoporte 
440 1 |a (McGraw-Hill Chemical Engineering Series) 
520 |a Contenido: Sólidos granulados; Reducción y alargamiento del tamaño de la partícula; Movimiento de partículas en un fluido; Flujo de fluidos a través de camas de partículas y columnas de platos; Sedimentación; Fluidización; Filtración de líquidos; Procesos de separación por membrana; Separaciones centrífugas; Lixiviación; Destilación; Absorción de gases; Extracción líquido-líquido; Evaporación; Cristalización; Secado; Adsorción; Intercambio iónico; Separaciones cromatográficas; Diseño del producto y proceso de intensificación; Apéndices. 
649 |a XX 
650 |a Separación (Tecnología) 
650 |a Operaciones Unitarias 
650 |a Ingeniería Química 
700 |a Richardson, J.F.  |e (edición) 
700 |a Harker, J.H.  |e (edición) 
700 |a Backhurst, J.R.  |e (edición) 
910 |a Fondo General 
920 |a Impresos - Libros 
930 |a Colección General 
905 |a 101 
901 |a 0500100332  |b IT1  |c ACC  |u 20250521 
901 |a 0500102042  |b IT1  |c ACC  |u 20250521 
902 |a https://opac.biblio.iteso.mx/vufind/Record/000165399